| 000 | 00402nam a22001697a 4500 | ||
|---|---|---|---|
| 003 | SGT | ||
| 020 | _a9788131246949 | ||
| 082 |
_a617.643 _bO19G |
||
| 100 | _aGraber, Lee W... [et. al.] | ||
| 245 | _aOrthodontics: Current Principles & Techniques | ||
| 250 | _a1st South Asia | ||
| 260 |
_bElsevier _c2019 |
||
| 300 | _a1016 | ||
| 650 | _aOrthodontics | ||
| 653 | _aOrthodontics | ||
| 942 |
_2ddc _cBK |
||
| 999 |
_c22727 _d22727 |
||